[Event "WchT Rapid"]
[Site "London"]
[Date "2025.06.13"]
[Round "9.1"]
[White "Samadov, Read"]
[Black "Mamedyarov, Shakhriyar"]
[Result "0-1"]
[WhiteElo "2464"]
[BlackElo "2701"]
[PlyCount "108"]
[EventDate "2025.06.11"]
[EventType "team-swiss"]
[EventRounds "12"]
[EventCountry "ENG"]
[SourceTitle "CB25_2025"]
[SourceDate "2025.06.18"]
[SourceVersion "1"]
[SourceVersionDate "2025.06.18"]
[SourceQuality "1"]
[WhiteTeam "Rookies"]
[BlackTeam "Generation XYZA"]
[WhiteTeamCountry "KAZ"]
[BlackTeamCountry "TUR"]

1. d4 d5 2. c4 e6 3. Nf3 Nf6 4. Nc3 Be7 5. Bg5 dxc4 6. e3 h6 7. Bh4 a6 8. a4 c5 9. Bxc4 cxd4 10. Nxd4 Bd7 11. 0-0 Nc6 12. Nf3 0-0 13. Rc1 Rc8 14. Qe2 Qa5 15. Rfd1 Rfd8 16. e4 Ne5 17. Nxe5 Qxe5 18. Bg3 Qa5 19. e5 Nh5 20. Bd3 Nxg3 21. hxg3 g6 22. Bc2 Bc6 23. Kh2 Kg7 24. f4 Qb4 25. Rxd8 Rxd8 26. Be4 Bxe4 27. Nxe4 Qxa4 28. Rc7 Rd7 29. Rc8 Qd4 30. Qc2 h5 31. Re8 h4 32. gxh4 Qe3 33. Qc8 Rd8 34. Rxd8 Bxd8 35. Qxd8 Qxe4 36. Qf6+ Kg8 37. g4 Qc2+ 38. Kg3 Qb3+ 39. Kg2 Qxb2+ 40. Kg3 Qc3+ 41. Kg2 Qd2+ 42. Kg3 Qd3+ 43. Kg2 b5 44. h5 gxh5 45. gxh5 Qe2+ 46. Kg3 Qxh5 47. Qd8+ Kg7 48. Qb6 Qd1 49. Qxa6 b4 50. Qb6 b3 51. Kh4 Qh1+ 52. Kg3 Qb1 53. f5 b2 54. f6+ Kh7 0-1

[Event "Sharjah Masters-A 8th"]
[Site "Sharjah"]
[Date "2025.05.24"]
[Round "8"]
[White "Samadov, Read"]
[Black "Malek, Jan"]
[Result "1-0"]
[WhiteElo "2521"]
[BlackElo "2511"]
[PlyCount "71"]
[EventDate "2025.05.17"]
[EventType "swiss"]
[EventRounds "9"]
[EventCountry "UAE"]
[SourceTitle "CB22_2025"]
[SourceDate "2025.05.28"]
[SourceVersion "1"]
[SourceVersionDate "2025.05.28"]
[SourceQuality "1"]

1. d4 Nf6 2. c4 e6 3. Nf3 d5 4. Nc3 Bb4 5. Qa4+ Nc6 6. e3 0-0 7. Qc2 Na5 8. cxd5 exd5 9. Bd3 c5 10. dxc5 Bg4 11. 0-0 Bxf3 12. gxf3 Bxc5 13. Rd1 Bb6 14. b3 Re8 15. Bb2 Nc6 16. Bc4 Nd4 17. exd4 dxc4 18. bxc4 Qc8 19. Ne2 Nh5 20. Ng3 Nf4 21. Bc1 Ng6 22. Qd3 Rd8 23. Nf5 Bxd4 24. Nxd4 Nh4 25. Kf1 Re8 26. Be3 Qh3+ 27. Ke2 Rad8 28. Kd2 b5 29. cxb5 Qxh2 30. Kc2 Rc8+ 31. Kb3 Qe5 32. Rac1 Qd5+ 33. Kb2 Rxc1 34. Rxc1 Nxf3 35. Qc4 Qe5 36. Qc5 1-0

[Event "Sharjah Masters-A 8th"]
[Site "Sharjah"]
[Date "2025.05.17"]
[Round "1"]
[White "Mendonca, Leon Luke"]
[Black "Samadov, Read"]
[Result "1/2-1/2"]
[WhiteElo "2630"]
[BlackElo "2521"]
[PlyCount "145"]
[EventDate "2025.05.17"]
[EventType "swiss"]
[EventRounds "9"]
[EventCountry "UAE"]
[SourceTitle "CB22_2025"]
[SourceDate "2025.05.28"]
[SourceVersion "1"]
[SourceVersionDate "2025.05.28"]
[SourceQuality "1"]

1. e4 c5 2. Nf3 d6 3. d4 cxd4 4. Nxd4 Nf6 5. Nc3 a6 6. Qd3 e6 7. a4 Be7 8. Be2 0-0 9. 0-0 Bd7 10. Be3 Nc6 11. Nxc6 Bxc6 12. a5 Rc8 13. Rfd1 Qc7 14. Bb6 Qb8 15. Qe3 Nd7 16. Bd4 Rfd8 17. f3 Bf6 18. Rd2 Qc7 19. Bf1 h6 20. Bxf6 Nxf6 21. b4 d5 22. e5 Nd7 23. f4 Nb8 24. Ra3 Be8 25. Rb3 Qe7 26. b5 axb5 27. Nxb5 Bxb5 28. Rxb5 Rc7 29. Bd3 Nd7 30. Rd1 Nc5 31. Bf1 Na4 32. Ra1 Nc3 33. Rb2 d4 34. Qf3 Nd5 35. Ra4 Nc3 36. Rab4 Qc5 37. Bd3 Qxa5 38. Rxb7 Na4 39. Rb8 Rcc8 40. Rxc8 Rxc8 41. Rb1 Nc5 42. Qc6 Qd8 43. Qf3 Qa5 44. Bf1 Qd2 45. Rd1 Qxc2 46. Rxd4 Nb3 47. Rd7 Nd2 48. Qf2 Nxf1 49. Qxc2 Rxc2 50. Kxf1 Rc4 51. g3 g5 52. fxg5 hxg5 53. Rd2 Kg7 54. Re2 Kg6 55. Kg2 Ra4 56. h3 Rb4 57. Re3 Rb2+ 58. Kf3 Kh5 59. Re2 Rb3+ 60. Kg2 Kg6 61. Re1 Ra3 62. Re2 Rb3 63. Re1 Rb2+ 64. Kf3 Kf5 65. Re3 Rb5 66. g4+ Kg6 67. Kg3 Ra5 68. Kf3 Kg7 69. Kg3 Rb5 70. Kf3 Kf8 71. Kg3 Kg7 72. Kf3 Rb4 73. Kg3 1/2-1/2

[Event "Baku op-A"]
[Site "Baku"]
[Date "2025.05.03"]
[Round "6"]
[White "Samadov, Read"]
[Black "Iskandarov, Misratdin"]
[Result "1/2-1/2"]
[WhiteElo "2521"]
[BlackElo "2528"]
[PlyCount "116"]
[EventDate "2025.04.28"]
[EventType "swiss"]
[EventRounds "9"]
[EventCountry "AZE"]
[SourceTitle "CB19_2025"]
[SourceDate "2025.05.07"]
[SourceVersion "1"]
[SourceVersionDate "2025.05.07"]
[SourceQuality "1"]

1. d4 e6 2. c4 Bb4+ 3. Bd2 a5 4. Nf3 Nf6 5. g3 d5 6. Bg2 dxc4 7. 0-0 0-0 8. e3 c5 9. a3 Bxd2 10. Nbxd2 cxd4 11. Nxd4 e5 12. Nb5 Bg4 13. Qc2 Qd7 14. a4 Nc6 15. Nxc4 Rad8 16. Ncd6 Qe6 17. Nxb7 Rc8 18. Rac1 Nb4 19. Qd2 e4 20. Nc5 Qe5 21. Qd4 Qxd4 22. Nxd4 Nd3 23. Nxd3 exd3 24. f3 Bd7 25. Rcd1 Bxa4 26. Rxd3 Bd7 27. e4 Rfe8 28. Re1 Rb8 29. Rd2 h5 30. Kf2 Rb4 31. Ree2 Ba4 32. Nf5 Reb8 33. e5 Nd7 34. Ne7+ Kf8 35. Nd5 Rb3 36. Nc3 Nb6 37. f4 Be8 38. Rd4 a4 39. Ne4 Bb5 40. Rc2 Nc4 41. Nc3 Rxb2 42. Rxb2 Nxb2 43. Nxb5 Rxb5 44. Bc6 Rb8 45. Bxa4 Nxa4 46. Rxa4 Rb2+ 47. Kg1 g6 48. Ra1 Ke7 49. Ra6 Re2 50. Rf6 Kf8 51. Kf1 Re4 52. Kf2 Kg7 53. Rb6 Ra4 54. Kg2 Ra2+ 55. Kh3 Re2 56. Rb7 g5 57. fxg5 Kg6 58. Rb8 Rxe5 1/2-1/2

[Event "Baku op-A"]
[Site "Baku"]
[Date "2025.05.02"]
[Round "5"]
[White "Jobava, Baadur"]
[Black "Samadov, Read"]
[Result "1/2-1/2"]
[WhiteElo "2600"]
[BlackElo "2521"]
[PlyCount "117"]
[EventDate "2025.04.28"]
[EventType "swiss"]
[EventRounds "9"]
[EventCountry "AZE"]
[SourceTitle "CB19_2025"]
[SourceDate "2025.05.07"]
[SourceVersion "1"]
[SourceVersionDate "2025.05.07"]
[SourceQuality "1"]

1. e4 c5 2. Nc3 d6 3. f4 Nc6 4. Nf3 g6 5. Bb5 Bd7 6. 0-0 Bg7 7. d3 Nf6 8. h3 0-0 9. a4 Nd4 10. Bc4 Bc6 11. Ba2 Nxf3+ 12. Qxf3 e6 13. Be3 b6 14. d4 Ng4 15. Ne2 Nxe3 16. Qxe3 Qe7 17. Bb3 Qb7 18. c3 Bxe4 19. g4 Rae8 20. Kh2 cxd4 21. cxd4 Bd5 22. Rad1 Qa6 23. Bc2 Bc4 24. Rf2 Bxe2 25. Qxe2 Qxe2 26. Rxe2 Rc8 27. Bd3 Rc7 28. Ba6 Rd8 29. Kg2 Kf8 30. Kf3 d5 31. Ke3 Rd6 32. Bb5 Rd8 33. Ba6 Bf6 34. h4 h6 35. Rh2 Be7 36. Rf1 Kg7 37. Kd3 Rd6 38. Bb5 a5 39. h5 g5 40. f5 exf5 41. Rxf5 Rc1 42. Rhf2 Rf6 43. Bd7 Rg1 44. Kc2 Rg3 45. Re2 Rxf5 46. Bxf5 Bf6 47. Rd2 Kf8 48. Rd3 Rg2+ 49. Rd2 Rxd2+ 50. Kxd2 Bxd4 51. b3 Ke7 52. Kd3 Be5 53. Bh7 Kd6 54. Bf5 Kc5 55. Bh7 Ba1 56. Bf5 Kd6 57. Bh7 Ke5 58. Bf5 Bd4 59. Bh7 1/2-1/2

[Event "Baku op-A"]
[Site "Baku"]
[Date "2025.05.01"]
[Round "4"]
[White "Samadov, Read"]
[Black "Guliev, Logman"]
[Result "1-0"]
[WhiteElo "2521"]
[BlackElo "2238"]
[PlyCount "73"]
[EventDate "2025.04.28"]
[EventType "swiss"]
[EventRounds "9"]
[EventCountry "AZE"]
[SourceTitle "CB19_2025"]
[SourceDate "2025.05.07"]
[SourceVersion "1"]
[SourceVersionDate "2025.05.07"]
[SourceQuality "1"]

1. d4 d5 2. c4 e6 3. Nf3 Nf6 4. Nc3 Be7 5. cxd5 exd5 6. Bf4 c6 7. e3 Bf5 8. Nh4 Bg4 9. Qc2 Nh5 10. h3 Be6 11. Nf3 Bd6 12. Bxd6 Qxd6 13. Bd3 g6 14. 0-0 Nd7 15. b4 0-0 16. Na4 Rac8 17. Nc5 b6 18. Nxd7 Bxd7 19. Rab1 Ng7 20. Qa4 Rc7 21. Rfc1 f6 22. Qb3 Kh8 23. Rc3 Bf5 24. Rbc1 Bxd3 25. Rxd3 Rfc8 26. Nd2 Nf5 27. a4 a6 28. Re1 Re7 29. Qc3 c5 30. dxc5 bxc5 31. e4 d4 32. Qc4 Qb6 33. a5 Qxb4 34. Qxa6 Rb8 35. Rb1 Qxb1+ 36. Nxb1 Rxb1+ 37. Kh2 1-0

[Event "EU-ch 25th"]
[Site "Eforie Nord"]
[Date "2025.03.22"]
[Round "7"]
[White "Samadov, Read"]
[Black "Noy, Eyal"]
[Result "1-0"]
[WhiteElo "2502"]
[BlackElo "2337"]
[PlyCount "61"]
[EventDate "2025.03.15"]
[EventType "swiss"]
[EventRounds "11"]
[EventCountry "ROU"]
[SourceTitle "CB13_2025"]
[SourceDate "2025.03.26"]
[SourceVersion "1"]
[SourceVersionDate "2025.03.26"]
[SourceQuality "1"]

1. Nf3 Nf6 2. c4 e6 3. g3 b6 4. Bg2 Bb7 5. 0-0 Be7 6. Nc3 0-0 7. Re1 d5 8. cxd5 Nxd5 9. e4 Nxc3 10. bxc3 c5 11. d4 cxd4 12. cxd4 Nc6 13. Bb2 Rc8 14. d5 exd5 15. exd5 Na5 16. Qe2 Bf6 17. Bxf6 Qxf6 18. Rad1 Rfd8 19. Ne5 Qd6 20. Nc6 Bxc6 21. dxc6 Qc5 22. Rxd8+ Rxd8 23. Qe8+ Qf8 24. Qxf8+ Kxf8 25. c7 Rc8 26. Rc1 g6 27. Bf1 Nb7 28. Ba6 Nd6 29. Bxc8 Nxc8 30. Rd1 Ke7 31. Rd8 1-0

[Event "EU-ch 25th"]
[Site "Eforie Nord"]
[Date "2025.03.20"]
[Round "6"]
[White "Kochavi, Ori"]
[Black "Samadov, Read"]
[Result "1/2-1/2"]
[WhiteElo "2357"]
[BlackElo "2502"]
[PlyCount "65"]
[EventDate "2025.03.15"]
[EventType "swiss"]
[EventRounds "11"]
[EventCountry "ROU"]
[SourceTitle "CB13_2025"]
[SourceDate "2025.03.26"]
[SourceVersion "1"]
[SourceVersionDate "2025.03.26"]
[SourceQuality "1"]

1. d4 Nf6 2. Nf3 g6 3. Nbd2 Bg7 4. e4 0-0 5. e5 Nh5 6. Nb3 d6 7. Be2 a5 8. a4 Nc6 9. 0-0 dxe5 10. dxe5 Nxe5 11. Nxe5 Qxd1 12. Rxd1 Bxe5 13. Rd5 Bg7 14. Rxa5 Be6 15. Rxa8 Rxa8 16. Bf3 Rd8 17. Bg5 Bxb3 18. cxb3 c6 19. Bxe7 Rd3 20. b4 Bxb2 21. Rb1 Bf6 22. Bc5 Nf4 23. b5 Ne6 24. Be3 Nd4 25. bxc6 bxc6 26. Bxd4 Bxd4 27. Bxc6 Rd2 28. Rf1 Kg7 29. g3 f5 30. Kg2 Kf6 31. h3 Ra2 32. Bb5 h6 33. Kf3 1/2-1/2

[Event "EU-ch 25th"]
[Site "Eforie Nord"]
[Date "2025.03.18"]
[Round "4"]
[White "Yilmaz, Mustafa"]
[Black "Samadov, Read"]
[Result "1-0"]
[WhiteElo "2576"]
[BlackElo "2502"]
[PlyCount "79"]
[EventDate "2025.03.15"]
[EventType "swiss"]
[EventRounds "11"]
[EventCountry "ROU"]
[SourceTitle "CB13_2025"]
[SourceDate "2025.03.26"]
[SourceVersion "1"]
[SourceVersionDate "2025.03.26"]
[SourceQuality "1"]

1. d4 d5 2. c4 c6 3. Nf3 Nf6 4. Nc3 dxc4 5. a4 Bf5 6. Ne5 Nbd7 7. Nxc4 Qc7 8. g3 e5 9. dxe5 Nxe5 10. Bf4 Nfd7 11. Bg2 g5 12. Ne3 gxf4 13. Nxf5 0-0-0 14. Qc2 Nc5 15. 0-0 fxg3 16. hxg3 a5 17. Rad1 h5 18. e3 Kb8 19. Ne4 Nxe4 20. Bxe4 Bb4 21. Kg2 Ng4 22. Bf3 Qe5 23. b3 Nf6 24. Rh1 Ka7 25. Nd4 Rd6 26. Qc4 Nd5 27. Bxd5 Rxd5 28. Nf3 Qc3 29. Qxc3 Bxc3 30. Rxd5 cxd5 31. Rc1 Bf6 32. Rc7 Rd8 33. Rxf7 Rd6 34. Nd4 Bxd4 35. exd4 Rb6 36. Rf3 Rg6 37. Rf5 Rb6 38. Rf3 Rg6 39. Kh3 Kb6 40. Rf5 1-0

[Event "EU-ch 25th"]
[Site "Eforie Nord"]
[Date "2025.03.17"]
[Round "3"]
[White "Samadov, Read"]
[Black "Kourkoulos Arditis, Stamatis"]
[Result "1/2-1/2"]
[WhiteElo "2502"]
[BlackElo "2580"]
[PlyCount "81"]
[EventDate "2025.03.15"]
[EventType "swiss"]
[EventRounds "11"]
[EventCountry "ROU"]
[SourceTitle "CB13_2025"]
[SourceDate "2025.03.26"]
[SourceVersion "1"]
[SourceVersionDate "2025.03.26"]
[SourceQuality "1"]

1. d4 Nf6 2. c4 e6 3. Nf3 b6 4. g3 Ba6 5. Qc2 Bb7 6. Bg2 c5 7. d5 exd5 8. cxd5 Nxd5 9. 0-0 Nc6 10. Rd1 Be7 11. Qf5 Nf6 12. e4 g6 13. Qf4 0-0 14. e5 Nh5 15. Qc4 Re8 16. Nc3 Ng7 17. Nd5 Ne6 18. Be3 Nb4 19. Nf4 Qc8 20. a3 Nxf4 21. Bxf4 Nc6 22. Rd2 Nd8 23. Rad1 Bc6 24. Ne1 Ne6 25. Be3 Qc7 26. f4 Rad8 27. g4 g5 28. Bd5 gxf4 29. Bxf4 Kh8 30. Nf3 Rg8 31. Bg3 Rg6 32. Qe4 Bxd5 33. Rxd5 Qc6 34. Nh4 Bxh4 35. Bxh4 Re8 36. Qf5 Ng7 37. Qxf7 Rxg4+ 38. Bg3 Qg6 39. Qxg6 Rxg6 40. Rxd7 Nf5 41. Rxa7 1/2-1/2

[Event "Titled Tuesday intern op 11th Feb Early"]
[Site "Chess.com INT"]
[Date "2025.02.11"]
[Round "4"]
[White "Samadov, Read"]
[Black "Williams, Simon Kim"]
[Result "1-0"]
[WhiteElo "2501"]
[BlackElo "2446"]
[PlyCount "55"]
[EventDate "2025.02.11"]
[EventType "swiss (blitz)"]
[EventRounds "11"]
[EventCountry "USA"]
[SourceTitle "CB09_2025"]
[SourceDate "2025.02.27"]
[SourceVersion "1"]
[SourceVersionDate "2025.02.27"]
[SourceQuality "1"]

1. d4 e6 2. c4 f5 3. Nf3 Nf6 4. g3 Be7 5. Bg2 Ne4 6. 0-0 d5 7. b3 Nc6 8. Ba3 Bf6 9. e3 h5 10. cxd5 exd5 11. h4 g5 12. hxg5 Bxg5 13. b4 a6 14. Qb3 h4 15. gxh4 Bxh4 16. Nc3 Be6 17. Rac1 Rg8 18. Ne2 Qf6 19. Nf4 0-0-0 20. b5 axb5 21. Qxb5 Bf7 22. Rxc6 bxc6 23. Qa6+ Kd7 24. Ne5+ Ke8 25. f3 Nc3 26. Rc1 Rxg2+ 27. Nxg2 Bg3 28. Rxc3 1-0

[Event "Wch Blitz"]
[Site "New York"]
[Date "2024.12.30"]
[Round "12"]
[White "Samadov, Read"]
[Black "Donchenko, Alexander"]
[Result "0-1"]
[WhiteElo "2501"]
[BlackElo "2618"]
[PlyCount "109"]
[EventDate "2024.12.30"]
[EventType "swiss (blitz)"]
[EventRounds "13"]
[EventCountry "USA"]
[SourceTitle "CB01_2025"]
[SourceDate "2025.01.01"]
[SourceVersion "1"]
[SourceVersionDate "2025.01.01"]
[SourceQuality "1"]

1. d4 Nf6 2. c4 g6 3. Nc3 Bg7 4. e4 d6 5. Be2 0-0 6. Nf3 e5 7. 0-0 exd4 8. Nxd4 Re8 9. f3 c6 10. Kh1 Na6 11. Nc2 Nc5 12. Bf4 d5 13. cxd5 cxd5 14. Bb5 Bd7 15. Bxd7 Qxd7 16. exd5 Rad8 17. Bg5 h6 18. Bh4 b6 19. Nb4 g5 20. Bf2 Qf5 21. Bxc5 bxc5 22. Nc6 Rd7 23. Re1 Rxe1+ 24. Qxe1 Kh7 25. Ne7 Qc2 26. Rd1 Qxb2 27. Nf5 Qc2 28. Nxg7 Kxg7 29. Qe5 Kg6 30. h3 Nh5 31. Qe4+ Qxe4 32. Nxe4 Nf6 33. Nxc5 Rxd5 34. Rc1 Rd2 35. a4 Ra2 36. Rc4 Nd5 37. Re4 Nf4 38. g3 Nxh3 39. Re7 a5 40. Ra7 h5 41. Rxa5 h4 42. gxh4 gxh4 43. Ne4 f5 44. Ra6+ Kh5 45. Ra5 Kg6 46. Ra6+ Kg7 47. Nd6 Kf6 48. Ra8 Ke5 49. Nc4+ Kf4 50. Rh8 Kg3 51. Rg8+ Kxf3 52. Ne5+ Ke4 53. Ng6 Nf2+ 54. Kg2 Ng4+ 55. Kf1 0-1

[Event "Wch Blitz"]
[Site "New York"]
[Date "2024.12.30"]
[Round "6"]
[White "Samadov, Read"]
[Black "Dragnev, Valentin"]
[Result "1-0"]
[WhiteElo "2501"]
[BlackElo "2563"]
[PlyCount "125"]
[EventDate "2024.12.30"]
[EventType "swiss (blitz)"]
[EventRounds "13"]
[EventCountry "USA"]
[SourceTitle "CB01_2025"]
[SourceDate "2025.01.01"]
[SourceVersion "1"]
[SourceVersionDate "2025.01.01"]
[SourceQuality "1"]

1. d4 d5 2. c4 e6 3. Nf3 a6 4. Bg5 Be7 5. Bxe7 Qxe7 6. Nbd2 Nf6 7. g3 0-0 8. Bg2 b6 9. cxd5 exd5 10. 0-0 c5 11. dxc5 bxc5 12. Rc1 Be6 13. Qa4 Nbd7 14. Rfe1 Rab8 15. b3 Qd6 16. Qa5 Rb5 17. Qc3 d4 18. Qd3 Nd5 19. Ng5 N7f6 20. a3 Rfb8 21. e4 dxe3 22. Rxe3 Qd7 23. Re5 h6 24. Nxe6 fxe6 25. Bh3 Re8 26. Rce1 Nc7 27. Qxd7 Nxd7 28. Bxe6+ Nxe6 29. Rxe6 Rf8 30. Rxa6 Nf6 31. Rae6 Ng4 32. Re8 Nf6 33. Rxf8+ Kxf8 34. Re5 Nd7 35. Rd5 Nf6 36. Rf5 Ke7 37. b4 Ke6 38. Rxc5 Rxc5 39. bxc5 Kd5 40. Kg2 Kxc5 41. Kf3 Kd4 42. Ke2 Nd5 43. Nf3+ Kc4 44. Nh4 Ne7 45. Ke3 Kb3 46. Ke4 Kxa3 47. Nf5 Ng8 48. Nxg7 Kb4 49. Ne6 Kb5 50. f4 Kc6 51. Ke5 Kd7 52. Nd4 Ke7 53. Nf5+ Kf7 54. g4 Kg6 55. Nh4+ Kf7 56. Nf5 Kg6 57. h3 Kf7 58. h4 Kg6 59. h5+ Kf7 60. g5 hxg5 61. fxg5 Kf8 62. Ke6 Ke8 63. h6 1-0